000 00452nam a2200169 a 4500
005 20140310183301.0
008 041208s19uu xx 00 eng d
020 _a0373223609
050 _aPZ 7
_b.B953 1996
100 _aBurford, Pamela
245 _aIntrigue:
_bhis secret side. /
_cPamela Burdford.
260 _aAustralia ;
_bSilhoutte Books,
_c1996.
300 _a248 p. :
_c17 cm.
650 _aFiction.
942 _cBK
_2lcc
999 _c20984
_d20984